Известия вузов. Электроника: научно-технический журнал

Detalles Bibliográficos
Summary:Цели журнала – донести новые идеи и результаты исследований, выполняемых в области электроники в коллективах вузов и научных учреждений страны, до наибольшего числа ученых, включая специалистов из смежных областей науки и техники; интеграция российских ученых в международное научное сообщество. Основные задачи: - публикация оригинальных результатов научных исследований, обзоров, материалов конференций в актуальных областях электроники: микро-, нано-, опто- и акустоэлектронике, фотонике, вакуумной и СВЧ-электронике и др., освещение физических, технологических и схемотехнических аспектов этих направлений электроники; - улучшение видимости журнала в международном информационном пространстве.
Idioma:ruso
Publicado: Москва, Изд-во МИЭТ, 1995-
Subjects:
Acceso en liña:https://elibrary.ru/title_about.asp?id=7821
Formato: MixedMaterials Electrónico Seriadas
KOHA link:https://koha.lib.tpu.ru/cgi-bin/koha/opac-detail.pl?biblionumber=578114

MARC

LEADER 00000nas1a2200000 4500
001 578114
005 20250516111930.0
011 |a 2587-9960 
035 |a (RuTPU)RU\TPU\prd\277584 
035 |a RU\TPU\prd\277527 
090 |a 578114 
100 |a 20180528a19959999k||y0rusy50 ca 
101 0 |a rus 
102 |a RU 
110 |a ahaz|||0uu0 
200 1 |a Известия вузов. Электроника  |e научно-технический журнал  |f Национальный исследовательский университет "Московский институт электронной техники" 
210 |a Москва  |c Изд-во МИЭТ  |d 1995- 
305 |a Издается с 1995 г. 
326 |a Периодичность: 6 номеров в год 
330 |a Цели журнала – донести новые идеи и результаты исследований, выполняемых в области электроники в коллективах вузов и научных учреждений страны, до наибольшего числа ученых, включая специалистов из смежных областей науки и техники; интеграция российских ученых в международное научное сообщество. Основные задачи: - публикация оригинальных результатов научных исследований, обзоров, материалов конференций в актуальных областях электроники: микро-, нано-, опто- и акустоэлектронике, фотонике, вакуумной и СВЧ-электронике и др., освещение физических, технологических и схемотехнических аспектов этих направлений электроники; - улучшение видимости журнала в международном информационном пространстве. 
610 1 |a схемотехника 
610 1 |a радиоэлектронные устройства 
610 1 |a биомедицинская электроника 
610 1 |a информационно-коммуникационные технологии 
610 1 |a электронный ресурс 
675 |a 551.4  |v 3 
801 0 |a RU  |b 63413507  |c 20011210  |g PSBO 
801 2 |a RU  |b 63413507  |c 20180528  |g PSBO 
801 2 |a RU  |b 63413507  |c 20240503  |g PSBO 
850 |a 63413507 
856 4 0 |u https://elibrary.ru/title_about.asp?id=7821  |z https://elibrary.ru/title_about.asp?id=7821 
942 |c CR